[Event "Hamburg-chT Landesliga 1920"]
[Site "Hamburg"]
[Date "2021.08.21"]
[Round "8.5"]
[White "Leonardi, Karlheinz"]
[Black "Mix, Clemens"]
[Result "1/2-1/2"]
[WhiteElo "2088"]
[BlackElo "1981"]
[PlyCount "44"]
[EventDate "2019.09.29"]
[EventType "team-tourn"]
[EventRounds "9"]
[EventCountry "GER"]
[SourceTitle "EXT 2023"]
[Source "ChessBase"]
[SourceDate "2022.10.05"]
[SourceVersion "1"]
[SourceVersionDate "2022.10.05"]
[SourceQuality "1"]
[WhiteTeam "Eimsbuettel Union"]
[BlackTeam "Hamburg Schachfreunde II"]
[WhiteTeamCountry "GER"]
[BlackTeamCountry "GER"]

1. d4 Nf6 2. c4 e6 3. g3 d5 4. Bg2 Be7 5. Nf3 0-0 6. 0-0 dxc4 7. Qc2 a6 8. a4 Bd7 9. Ne5 Bc6 10. Nxc6 Nxc6 11. Bxc6 bxc6 12. Qxc4 Qd5 13. Qxd5 cxd5 14. Bf4 c5 15. dxc5 Bxc5 16. Nd2 Rfc8 17. Nb3 Bb4 18. Rfc1 Ne4 19. Rxc8+ Rxc8 20. Rc1 Rxc1+ 21. Bxc1 e5 22. f3 Nc5 1/2-1/2

[Event "GER Cup Net V3 U2400"]
[Site "Playchess.com INT"]
[Date "2020.05.27"]
[Round "4"]
[White "Leonardi, Karlheinz"]
[Black "Muse, Mladen"]
[Result "0-1"]
[WhiteElo "1672"]
[BlackElo "2440"]
[PlyCount "122"]
[EventDate "2020.05.27"]
[EventType "swiss (blitz)"]
[EventRounds "9"]
[EventCountry "GER"]
[SourceTitle "EXT 2021"]
[Source "ChessBase"]
[SourceDate "2020.10.23"]
[SourceVersion "1"]
[SourceVersionDate "2020.10.23"]
[SourceQuality "1"]

1. c4 g6 2. g3 Bg7 3. Bg2 Nf6 4. Nc3 0-0 5. d3 c6 6. Bg5 h6 7. Bd2 d5 8. Nf3 d4 9. Nb1 c5 10. b3 Nc6 11. b4 cxb4 12. a3 bxa3 13. Nxa3 e5 14. 0-0 e4 15. Ne1 Re8 16. Qc1 e3 17. fxe3 dxe3 18. Bc3 Nd4 19. Qb2 Nf5 20. Nb5 a6 21. Nd4 Nxd4 22. Bxd4 Nh5 23. Bxg7 Nxg7 24. Nf3 Nf5 25. Rab1 Rb8 26. Qc3 Be6 27. Rfd1 b5 28. cxb5 axb5 29. Rb4 Qd6 30. Rdb1 Rec8 31. Qb2 Bd5 32. Rxb5 Rxb5 33. Qxb5 Bxf3 34. Bxf3 Nd4 35. Qd5 Qxd5 36. Bxd5 Nxe2+ 37. Kf1 Nd4 38. Bc4 Rc7 39. Ke1 Kg7 40. Rb8 Re7 41. Rd8 Nf3+ 42. Ke2 Nxh2 43. Rd4 Nf3 44. Rf4 Ne5 45. Re4 Nc6 46. Rxe7 Nxe7 47. Kxe3 Nf5+ 48. Kf4 Kf6 49. Bd5 g5+ 50. Kf3 h5 51. Bc4 Nd6 52. Bd5 Ke5 53. Bb3 f5 54. Ba2 g4+ 55. Ke3 f4+ 56. gxf4+ Kf6 57. d4 Nf5+ 58. Kf2 Nxd4 59. Kg3 Nf5+ 60. Kg2 h4 61. Bc4 Ne3+ 0-1

[Event "GER Cup Net V1 U2400"]
[Site "Playchess.com INT"]
[Date "2020.05.19"]
[Round "7"]
[White "Leonardi, Karlheinz"]
[Black "Frick, Christoph"]
[Result "0-1"]
[WhiteElo "1675"]
[BlackElo "1961"]
[PlyCount "54"]
[EventDate "2020.05.19"]
[EventType "swiss (blitz)"]
[EventRounds "9"]
[EventCountry "GER"]
[SourceTitle "EXT 2021"]
[Source "ChessBase"]
[SourceDate "2020.10.23"]
[SourceVersion "1"]
[SourceVersionDate "2020.10.23"]
[SourceQuality "1"]

1. e4 c6 2. Nc3 d5 3. Nf3 Nf6 4. e5 Ne4 5. Ne2 Qb6 6. d4 e6 7. Ng3 c5 8. c3 Nc6 9. Nxe4 dxe4 10. Ng5 cxd4 11. Nxe4 dxc3 12. Nxc3 Bc5 13. Qe2 0-0 14. Bf4 Nd4 15. Qd2 Rd8 16. Bd3 Bd7 17. 0-0 Bc6 18. Rad1 Rd7 19. Qc1 Rad8 20. Qb1 g6 21. Bg3 Nf5 22. Bxf5 exf5 23. Rxd7 Rxd7 24. Rd1 Rxd1+ 25. Qxd1 Qxb2 26. Ne2 Qxa2 27. h3 Qd5 0-1

[Event "GER-ch Net Amateur Gr-A Vor3"]
[Site "Playchess.com INT"]
[Date "2020.04.16"]
[Round "9"]
[White "Leonardi, Karlheinz"]
[Black "Schroeder, Christoph"]
[Result "0-1"]
[WhiteElo "1755"]
[BlackElo "1663"]
[PlyCount "112"]
[EventDate "2020.04.16"]
[EventType "swiss (blitz)"]
[EventRounds "9"]
[EventCountry "GER"]
[SourceTitle "CBM 195 Extra"]
[Source "ChessBase"]
[SourceDate "2020.05.31"]
[SourceVersion "1"]
[SourceVersionDate "2020.05.31"]
[SourceQuality "1"]

1. c4 e6 2. g3 d5 3. Bg2 dxc4 4. Qa4+ Nd7 5. Qxc4 a6 6. Qc2 c5 7. Nf3 Ngf6 8. 0-0 Be7 9. d4 cxd4 10. Nxd4 0-0 11. Rd1 Qa5 12. Nc3 Re8 13. a3 Bf8 14. Nb3 Qc7 15. Bf4 e5 16. Bg5 h6 17. Bd2 Nb6 18. Rac1 Be6 19. e4 Rac8 20. Be3 Nc4 21. Re1 Nxe3 22. Rxe3 Red8 23. h3 b5 24. Rd1 Rxd1+ 25. Qxd1 Rd8 26. Qc2 a5 27. Na1 b4 28. axb4 axb4 29. Ne2 Qxc2 30. Nxc2 Rd1+ 31. Kh2 b3 32. Na3 Bxa3 33. bxa3 b2 34. Nc3 b1Q 35. Nxb1 Rxb1 36. Rc3 Ra1 37. Bf3 g5 38. Kg2 Kg7 39. g4 Nd7 40. Kg3 Nf8 41. Re3 Ng6 42. Be2 Nf4 43. Kh2 Ra2 44. Bd3 Rxf2+ 45. Kg1 Ra2 46. Bb5 h5 47. gxh5 Nxh3+ 48. Kf1 Nf4 49. a4 g4 50. Rg3 Kh6 51. Be8 Kxh5 52. Rc3 Kh4 53. Bc6 g3 54. Bd5 g2+ 55. Kg1 Nh3+ 56. Kh2 g1Q# 0-1

[Event "GER-ch Net Amateur Gr-A Vor2"]
[Site "Playchess.com INT"]
[Date "2020.04.15"]
[Round "8"]
[White "Kilian, Markus"]
[Black "Leonardi, Karlheinz"]
[Result "1-0"]
[WhiteElo "1971"]
[BlackElo "1784"]
[PlyCount "91"]
[EventDate "2020.04.15"]
[EventType "swiss (blitz)"]
[EventRounds "9"]
[EventCountry "GER"]
[SourceTitle "CBM 196 Extra"]
[Source "ChessBase"]
[SourceDate "2020.07.31"]
[SourceVersion "1"]
[SourceVersionDate "2020.07.31"]
[SourceQuality "1"]

1. d4 d5 2. c4 e6 3. Nc3 Nf6 4. cxd5 exd5 5. Bg5 Be7 6. e3 h6 7. Bh4 c6 8. Qc2 Nbd7 9. Bd3 Nh5 10. Bxe7 Qxe7 11. Nge2 Nb6 12. 0-0 0-0 13. b3 Be6 14. f3 Bd7 15. e4 dxe4 16. fxe4 Nc8 17. e5 Nb6 18. Qd2 Nd5 19. Ne4 Qh4 20. Rf3 Rae8 21. Raf1 Bg4 22. R3f2 Bxe2 23. Qxe2 Nhf4 24. Qf3 Nxd3 25. Qxd3 Re6 26. Nc5 Re7 27. Ne4 a6 28. Nd6 Qh5 29. Nf5 Re6 30. Rf3 Qg6 31. Rg3 Qh7 32. Rxg7+ Qxg7 33. Nxg7 Kxg7 34. Rf3 Rg6 35. Rg3 Nc7 36. Qf5 Nd5 37. e6 Ne7 38. Qe5+ f6 39. Qc7 Rxg3 40. Qxe7+ Kg6 41. hxg3 Rg8 42. Qf7+ Kf5 43. Qxg8 Ke4 44. e7 Kxd4 45. e8Q Kc3 46. Qd7 1-0

[Event "GER-ch Net Amateur Gr-A Vor2"]
[Site "Playchess.com INT"]
[Date "2020.04.15"]
[Round "9"]
[White "Leonardi, Karlheinz"]
[Black "Bornholdt, Joa Max"]
[Result "0-1"]
[WhiteElo "1775"]
[BlackElo "1823"]
[PlyCount "114"]
[EventDate "2020.04.15"]
[EventType "swiss (blitz)"]
[EventRounds "9"]
[EventCountry "GER"]
[SourceTitle "CBM 196 Extra"]
[Source "ChessBase"]
[SourceDate "2020.07.31"]
[SourceVersion "1"]
[SourceVersionDate "2020.07.31"]
[SourceQuality "1"]

1. c4 Nf6 2. g3 e6 3. Bg2 d5 4. Nf3 Be7 5. 0-0 0-0 6. d4 dxc4 7. Qc2 c6 8. Qxc4 b5 9. Qc2 Bb7 10. Bd2 Nbd7 11. b4 a5 12. bxa5 Nd5 13. a4 b4 14. e4 N5f6 15. Bg5 Qxa5 16. Nbd2 Ba6 17. Rfe1 Rfc8 18. Nb3 Qb6 19. Be3 Qd8 20. h3 Qf8 21. Rec1 Rab8 22. Nfd2 h6 23. Rab1 e5 24. dxe5 Nxe5 25. Bf1 Bxf1 26. Kxf1 Qd8 27. Nc4 Nxc4 28. Qxc4 Rb7 29. Rd1 Qc7 30. a5 Nd7 31. Kg2 Ne5 32. Qc2 Nd7 33. Bf4 Ne5 34. Qb2 Bf6 35. Qe2 c5 36. Rd5 c4 37. Nd4 c3 38. Nf3 Qc4 39. Qxc4 Nxc4 40. e5 Be7 41. Nd4 Na3 42. Rb3 c2 43. Nxc2 Nxc2 44. a6 Ra7 45. Ra5 Bd8 46. Ra4 Rca8 47. Be3 Nxe3+ 48. fxe3 Be7 49. e6 fxe6 50. Ra5 Rxa6 51. Re5 Kf7 52. e4 Ra5 53. Rxa5 Rxa5 54. h4 Ra3 55. Rb2 b3 56. Kh3 Bf6 57. Rb1 b2 0-1

[Event "Hamburg-chT Landesliga 1920"]
[Site "Hamburg"]
[Date "2020.03.01"]
[Round "7.37"]
[White "Leonardi, Karlheinz"]
[Black "Posske, Thore"]
[Result "0-1"]
[WhiteElo "2100"]
[BlackElo "2017"]
[PlyCount "186"]
[EventDate "2019.09.29"]
[EventType "team-tourn"]
[EventRounds "9"]
[EventCountry "GER"]
[SourceTitle "EXT 2022"]
[Source "ChessBase"]
[SourceDate "2021.10.06"]
[SourceVersion "1"]
[SourceVersionDate "2021.10.06"]
[SourceQuality "1"]

1. c4 c6 2. g3 d5 3. Nf3 Nf6 4. Bg2 dxc4 5. Na3 b5 6. 0-0 e6 7. b3 cxb3 8. axb3 Be7 9. Bb2 Qb6 10. Ne5 0-0 11. Rc1 Bb7 12. d4 Rc8 13. Qd3 Nbd7 14. Nxd7 Nxd7 15. e4 a5 16. h4 Bxa3 17. Bxa3 b4 18. Bb2 Ba6 19. Qf3 Bxf1 20. Bxf1 Qd8 21. Bd3 Qe7 22. e5 Nb6 23. Rxc6 Nd5 24. Rd6 Rd8 25. Qe4 g6 26. Rxd8+ Qxd8 27. Bc4 Rc8 28. Bc1 a4 29. Bg5 Nc3 30. Qb7 Qc7 31. Qxb4 axb3 32. Bxb3 Rb8 33. Qc4 Qxc4 34. Bxc4 Rb4 35. Bf1 Rxd4 36. Kg2 Kf8 37. Ba6 Rd5 38. Bf4 Rd1 39. Bb7 Ke7 40. Bf3 Rb1 41. Bc6 Nd5 42. Bg5+ f6 43. exf6+ Nxf6 44. Bf3 Kf7 45. Bf4 Nd5 46. Bg5 Re1 47. Bd2 Re5 48. Bc1 Ne7 49. Bf4 Rb5 50. Be2 Ra5 51. Bg5 Nd5 52. Bf3 Ra2 53. h5 gxh5 54. Bxh5+ Kg7 55. Bg4 Ra6 56. Bf3 Kg6 57. Bc1 Nf6 58. Be2 Rd6 59. Bf4 Rd8 60. g4 Rd4 61. Kg3 Ne4+ 62. Kf3 Nc3 63. Ba6 Kf6 64. Be3 Ra4 65. Bd3 Kg7 66. Bc2 Rc4 67. Bb3 Rc6 68. Bxe6 Rxe6 69. Bd4+ Rf6+ 70. Bxf6+ Kxf6 71. Kf4 Nd5+ 72. Ke4 Nc3+ 73. Kf4 Kg6 74. f3 Kf6 75. Kg3 Ne2+ 76. Kf2 Nf4 77. Ke3 Ke5 78. Kf2 Ng6 79. Kg3 h6 80. f4+ Nxf4 81. Kf3 Ng6 82. Kg3 Kf6 83. Kh3 Kg5 84. Kg3 Ne5 85. Kh3 Nxg4 86. Kg3 h5 87. Kh3 Ne5 88. Kg3 Ng6 89. Kh3 h4 90. Kg2 Kg4 91. Kh2 Nf4 92. Kh1 Kg3 93. Kg1 Nh3+ 0-1

[Event "Hamburg-chT Landesliga 1920"]
[Site "Hamburg"]
[Date "2020.02.09"]
[Round "6.5"]
[White "Schneider, Alexander"]
[Black "Leonardi, Karlheinz"]
[Result "1/2-1/2"]
[WhiteElo "2078"]
[BlackElo "2101"]
[PlyCount "165"]
[EventDate "2019.09.29"]
[EventType "team-tourn"]
[EventRounds "9"]
[EventCountry "GER"]
[SourceTitle "EXT 2021"]
[Source "ChessBase"]
[SourceDate "2020.10.23"]
[SourceVersion "1"]
[SourceVersionDate "2020.10.23"]
[SourceQuality "1"]

1. e4 c5 2. Nf3 Nc6 3. d4 cxd4 4. Nxd4 Qb6 5. Nb3 Nf6 6. Nc3 e6 7. Qe2 d6 8. Be3 Qc7 9. 0-0-0 a6 10. g4 b5 11. Bg2 Bb7 12. g5 Nd7 13. f4 0-0-0 14. Qf2 Na5 15. Kb1 Nc4 16. Bc1 Qb6 17. Qe2 g6 18. a4 Bg7 19. Na2 Kb8 20. axb5 axb5 21. Rhe1 Rc8 22. Nb4 Rhd8 23. c3 Nc5 24. Nd4 Na6 25. Nxa6+ Bxa6 26. b4 Bb7 27. Rd3 Rc7 28. Red1 h5 29. Nb3 Bf8 30. Be3 Nxe3 31. Qxe3 Qxe3 32. Rxe3 Rdc8 33. Kb2 Bg7 34. Nd4 Bxd4 35. Rxd4 Rd8 36. Bf1 Ba6 37. f5 gxf5 38. exf5 Re7 39. Be2 d5 40. Bxh5 Rh8 41. Rh3 Bb7 42. Rdd3 exf5 43. Bd1 Rg8 44. Rh5 Kc7 45. h4 Rg7 46. Rh8 Re5 47. Rd2 Bc8 48. Bf3 Be6 49. Be2 Bd7 50. Bd3 Re3 51. Kc2 Rh3 52. Rf2 Rxg5 53. hxg5 Rxh8 54. Bxf5 Be8 55. Re2 Kd6 56. Kd3 Bc6 57. g6 fxg6 58. Re6+ Kc7 59. Rxg6 Rh4 60. Bg4 Be8 61. Rg7+ Kd6 62. Rg5 Bf7 63. Be2 Rh3+ 64. Kd2 Be8 65. Rg8 Bc6 66. Rg6+ Kc7 67. Rg7+ Kd6 68. Ra7 Rh4 69. Ra5 Rh2 70. Kd1 Rh1+ 71. Kd2 Rh2 72. Ra6 Kc7 73. Ke3 Rh4 74. Bf1 Re4+ 75. Kd3 Rh4 76. Ra7+ Kd6 77. Rg7 Rf4 78. Be2 Re4 79. Rg6+ Kc7 80. Rf6 Rc4 81. Bf3 Rh4 82. Rf5 Kd6 83. Rf6+ 1/2-1/2

[Event "Hamburg-chT Landesliga 1011"]
[Site "Hamburg"]
[Date "2011.04.16"]
[Round "8.8"]
[White "Leonardi, Karlheinz"]
[Black "Hinrichs, Jan"]
[Result "1-0"]
[WhiteElo "2119"]
[BlackElo "1920"]
[PlyCount "97"]
[EventDate "2010.10.10"]
[EventType "team-tourn"]
[EventRounds "9"]
[EventCountry "GER"]
[SourceTitle "EXT 2022"]
[Source "ChessBase"]
[SourceDate "2021.10.06"]
[SourceVersion "1"]
[SourceVersionDate "2021.10.06"]
[SourceQuality "1"]
[WhiteTeam "Eimsbuettel Union"]
[BlackTeam "Hamburger SK IV"]
[WhiteTeamCountry "GER"]
[BlackTeamCountry "GER"]

1. c4 g6 2. g3 Bg7 3. Bg2 c5 4. Nc3 Nc6 5. a3 b6 6. b4 Bb7 7. Rb1 Na5 8. Bxb7 Nxb7 9. Nf3 Nf6 10. 0-0 0-0 11. e4 Qc7 12. d3 Ng4 13. Nd5 Qd8 14. h3 Nf6 15. Nxf6+ Bxf6 16. Bh6 Re8 17. e5 Bh8 18. bxc5 Nxc5 19. d4 Ne4 20. Qd3 d5 21. cxd5 Qxd5 22. Rb5 Nc5 23. Qe2 Qe4 24. Re1 Qxe2 25. Rxe2 Na4 26. Rc2 Rac8 27. Rxc8 Rxc8 28. Rd5 Bg7 29. Be3 e6 30. Rd7 a5 31. Ng5 Rf8 32. Rb7 h6 33. Ne4 g5 34. Nd6 f6 35. Nc4 Rc8 36. Nxb6 Nxb6 37. Rxb6 fxe5 38. dxe5 Bxe5 39. Rxe6 Bb2 40. Rxh6 Bxa3 41. Ra6 Bb4 42. Bxg5 Rc2 43. Be3 Ra2 44. g4 Bc3 45. g5 a4 46. g6 Kg7 47. h4 Rb2 48. h5 Be5 49. h6+ 1-0

[Event "Hamburg HSK Elo op 4th"]
[Site "Hamburg"]
[Date "2003.05.03"]
[Round "1"]
[White "Leonardi, Karlheinz"]
[Black "Salov, Sergej"]
[Result "1/2-1/2"]
[WhiteElo "2109"]
[BlackElo "2364"]
[PlyCount "71"]
[EventDate "2003.05.01"]
[EventType "swiss"]
[EventRounds "7"]
[EventCountry "GER"]
[SourceTitle "EXT 2019"]
[Source "ChessBase"]
[SourceDate "2018.10.10"]
[SourceVersion "1"]
[SourceVersionDate "2018.10.10"]
[SourceQuality "1"]

1. c4 e5 2. g3 Nf6 3. Bg2 d5 4. cxd5 Nxd5 5. Nf3 Nc6 6. 0-0 Be7 7. d3 0-0 8. a3 a5 9. b3 Bf6 10. Ra2 Nd4 11. e3 Nxf3+ 12. Bxf3 c6 13. Bb2 Be6 14. Bg4 Nc7 15. Bxe6 Nxe6 16. Qc2 Qd5 17. Nc3 Qc5 18. Ba1 Rad8 19. Rd1 Be7 20. b4 axb4 21. axb4 Qxb4 22. Ne4 Qb5 23. Rb2 Bb4 24. Qb1 c5 25. Nxc5 Qxc5 26. Rxb4 Qc6 27. e4 f6 28. Rb6 Qc8 29. Qb3 Rfe8 30. Bb2 Kh8 31. Rc1 Qd7 32. Rxb7 Qxd3 33. Qxd3 Rxd3 34. Kg2 h5 35. h4 Rd2 36. Bc3 1/2-1/2

[Event "Rome-ch"]
[Site "Rome"]
[Date "1996.??.??"]
[Round "2"]
[White "Bruno, F."]
[Black "Leonardi, Karlheinz"]
[Result "1-0"]
[WhiteElo "2260"]
[BlackElo "2115"]
[PlyCount "89"]
[EventDate "1996.??.??"]
[EventType "swiss"]
[EventRounds "6"]
[EventCountry "ITA"]
[SourceTitle "EXT 2000"]
[Source "ChessBase"]
[SourceDate "1999.11.16"]
[SourceVersion "1"]
[SourceVersionDate "1999.11.16"]
[SourceQuality "1"]

1. e4 c6 2. d4 d5 3. Nd2 dxe4 4. Nxe4 Nf6 5. Nxf6+ exf6 6. Nf3 Bb4+ 7. c3 Bd6 8. Bd3 Bg4 9. Be3 Nd7 10. h3 Be6 11. Qc2 f5 12. Bxf5 Bxf5 13. Qxf5 Qf6 14. Qe4+ Qe7 15. Qg4 0-0 16. 0-0 f5 17. Qh5 g6 18. Qh6 Qg7 19. Qxg7+ Kxg7 20. Rfe1 Rae8 21. Bd2 Nf6 22. Ng5 Ne4 23. Nxe4 fxe4 24. Re2 Bf4 25. Bxf4 Rxf4 26. f3 Rf7 27. Rxe4 Rfe7 28. Rae1 Kf6 29. Rxe7 Rxe7 30. Rxe7 Kxe7 31. Kf2 Kd6 32. Ke3 c5 33. Ke4 c4 34. Kf4 h6 35. h4 h5 36. g4 hxg4 37. fxg4 Ke7 38. Kg5 Kf7 39. d5 b5 40. d6 a5 41. d7 Ke7 42. Kxg6 a4 43. a3 Kxd7 44. h5 Ke7 45. h6 1-0